[Event "Landesliga Nord 9495"]
[Site "Bayern"]
[Date "1995.??.??"]
[Round "?.5"]
[White "Held, Markus"]
[Black "Rohrmueller, Hermann"]
[Result "1-0"]
[WhiteElo "2210"]
[BlackElo "1910"]
[PlyCount "81"]
[EventDate "1994.10.09"]
[EventType "team-tourn"]
[EventRounds "9"]
[EventCountry "GER"]
[SourceTitle "EXT 2020"]
[Source "ChessBase"]
[SourceDate "2019.10.17"]
[SourceVersion "1"]
[SourceVersionDate "2019.10.17"]
[SourceQuality "1"]
[WhiteTeam "Bamberg SC II"]
[BlackTeam "Cham"]
[WhiteTeamCountry "GER"]
[BlackTeamCountry "GER"]

1. e4 c5 2. Nf3 Nc6 3. Bb5 d6 4. d4 cxd4 5. Qxd4 Bd7 6. Bxc6 Bxc6 7. c4 Nf6 8. Nc3 g6 9. 0-0 Bg7 10. Qd3 0-0 11. Nd4 Bd7 12. b3 Qa5 13. Bb2 Rfd8 14. a3 e6 15. Rfd1 a6 16. Rac1 Be8 17. b4 Qc7 18. Nce2 Ba4 19. Re1 Ng4 20. f4 Be8 21. Qf3 Nf6 22. Nb3 Qe7 23. Ng3 b6 24. h3 Bc6 25. Bd4 Nd7 26. Bxg7 Kxg7 27. Red1 f6 28. Nd4 Bb7 29. f5 Nf8 30. fxe6 Nxe6 31. Ndf5+ gxf5 32. Nxf5+ Kf8 33. Nxe7 Kxe7 34. Qf5 Rh8 35. Rd2 h5 36. Rf1 Rh6 37. Qf2 b5 38. Qb6 Bxe4 39. Qxd6+ Kf7 40. Qd7+ Kg6 41. Qxe6 1-0

[Event "Landesliga Nord 9596"]
[Site "Bayern"]
[Date "1995.??.??"]
[Round "?"]
[White "Kreuzer, Gerhard"]
[Black "Rohrmueller, Hermann"]
[Result "1-0"]
[WhiteElo "2110"]
[BlackElo "1895"]
[PlyCount "91"]
[EventDate "1995.10.??"]
[EventType "team-tourn"]
[EventRounds "9"]
[EventCountry "GER"]
[SourceTitle "EXT 2020"]
[Source "ChessBase"]
[SourceDate "2019.10.17"]
[SourceVersion "1"]
[SourceVersionDate "2019.10.17"]
[SourceQuality "1"]
[WhiteTeam "Kelheim"]
[BlackTeam "Cham"]
[WhiteTeamCountry "GER"]
[BlackTeamCountry "GER"]

1. c4 e5 2. Nc3 Nf6 3. Nf3 d6 4. e3 Bg4 5. h3 Bh5 6. Qb3 b6 7. d4 exd4 8. exd4 Be7 9. Be3 0-0 10. Be2 c6 11. 0-0 Nbd7 12. Rad1 a6 13. Rfe1 Re8 14. Bf4 Bf8 15. Qc2 Bg6 16. Bd3 b5 17. Bxg6 hxg6 18. d5 Qb6 19. dxc6 Qxc6 20. Rxe8 Nxe8 21. cxb5 axb5 22. Nd4 Qc5 23. Ndxb5 Rxa2 24. Na3 Qb4 25. Nxa2 Qxf4 26. Nc3 Nef6 27. Qd2 Qf5 28. Nc4 Ne5 29. Nxe5 dxe5 30. Qd8 Qc2 31. Qb6 Ne4 32. Rd8 Qc1+ 33. Kh2 Qf4+ 34. g3 Qxf2+ 35. Qxf2 Nxf2 36. Kg2 Nxh3 37. Kxh3 f5 38. b4 Kf7 39. Nd5 e4 40. Kg2 g5 41. b5 Bc5 42. b6 f4 43. gxf4 gxf4 44. b7 Ba7 45. Nxf4 Kf6 46. Ra8 1-0

[Event "Landesliga Nord 9596"]
[Site "Bayern"]
[Date "1995.??.??"]
[Round "?"]
[White "Welch, Andreas"]
[Black "Rohrmueller, Hermann"]
[Result "0-1"]
[WhiteElo "1970"]
[BlackElo "1895"]
[PlyCount "77"]
[EventDate "1995.10.??"]
[EventType "team-tourn"]
[EventRounds "9"]
[EventCountry "GER"]
[SourceTitle "EXT 2020"]
[Source "ChessBase"]
[SourceDate "2019.10.17"]
[SourceVersion "1"]
[SourceVersionDate "2019.10.17"]
[SourceQuality "1"]
[WhiteTeam "Nuernberg Grundig SC"]
[BlackTeam "Cham"]
[WhiteTeamCountry "GER"]
[BlackTeamCountry "GER"]

1. c4 c5 2. Nc3 Nf6 3. g3 g6 4. Bg2 Bg7 5. e4 d6 6. Nge2 Nc6 7. 0-0 0-0 8. d3 a6 9. h3 Rb8 10. Rb1 Bd7 11. f4 b5 12. b3 e6 13. Qd2 Ne8 14. Nd1 h6 15. Ne3 Kh7 16. f5 Nc7 17. Bb2 Bxb2 18. Qxb2 exf5 19. exf5 Qg5 20. Ng4 f6 21. fxg6+ Kg7 22. Bxc6 Bxc6 23. Kh2 Rbe8 24. Nf4 Kg8 25. Rbe1 Bd7 26. Nf2 d5 27. cxd5 Nxd5 28. Ne4 Qf5 29. g4 Qe5 30. Qxe5 Rxe5 31. Nxd5 Rxd5 32. Nxf6+ Rxf6 33. Rxf6 Rxd3 34. Re7 c4 35. g7 Rd2+ 36. Kg3 Rd3+ 37. Kh4 Be6 38. Rfxe6 cxb3 39. Rxh6 0-1